000 00396nam a2200145Ia 4500
008 090122s9999 xx 000 0 und d
082 _b7684
_a823
100 _aShipler
_bDavid
_cK
245 _a"Russia Brok0n Idols, Solemn Dreams"
600 _aShipler
630 _a"Russia Brok0n Idols, Solemn Dreams"
700 _aShipler
730 _a"Russia Brok0n Idols, Solemn Dreams"
942 _cBOOK
999 _c31761
_d31761